The life and times of Goethe / (Record no. 21921)
[ view plain ]
| 000 -LEADER | |
|---|---|
| fixed length control field | 00806cam a22002651 4500 |
| 001 - CONTROL NUMBER | |
| control field | 21921 |
| 003 - CONTROL NUMBER IDENTIFIER | |
| rucl marc code | BD-RjUL |
| 005 - DATE AND TIME OF LATEST TRANSACTION | |
| control field | 20211209000739.0 |
| 008 - FIXED-LENGTH DATA ELEMENTS--GENERAL INFORMATION | |
| fixed length control field | 140306s1967 enkac 000 0beng |
| 035 ## - SYSTEM CONTROL NUMBER | |
| System control number | (BD-RjUL)21986 |
| 040 ## - CATALOGING SOURCE | |
| Original cataloging agency | DLC |
| Transcribing agency | DLC |
| Modifying agency | DLC |
| -- | BD-RjUL |
| Language of cataloging | eng |
| 041 1# - LANGUAGE CODE | |
| Language code of text/sound track or separate title | engita |
| 082 00 - DEWEY DECIMAL CLASSIFICATION NUMBER | |
| Classification number | 831.6 |
| Author mark and year | HOL 1967 |
| 100 1# - MAIN ENTRY--PERSONAL NAME | |
| Personal name | Hohendorf, Horst. |
| 9 (RLIN) | 67682 |
| 245 14 - TITLE STATEMENT | |
| Title | The life and times of Goethe / |
| Statement of responsibility, etc. | translator [from the Italian] Salvator Attanasio. |
| 260 ## - PUBLICATION, DISTRIBUTION, ETC. (IMPRINT) | |
| Place of publication, distribution, etc. | London : |
| Name of publisher, distributor, etc. | Hamlyn, |
| Date of publication, distribution, etc. | c1967 |
| 300 ## - PHYSICAL DESCRIPTION | |
| Pagination | 75 p. : |
| Illustrations | illus. (some col.), ports. (some col.). ; |
| Size | 30 cm. |
| 350 ## - PRICE (NR) (BK AM CF MU VM SE) [OBSOLETE] | |
| Price | 17/6 |
| 490 0# - SERIES STATEMENT | |
| Series statement | Portraits of greatness |
| 500 ## - GENERAL NOTE | |
| General note | Illus. on lining papers. |
| 600 10 - SUBJECT ADDED ENTRY--PERSONAL NAME | |
| Personal name | Goethe, Johann Wolfgang von, |
| Dates associated with a name | 1749-1832. |
| 942 ## - ADDED ENTRY ELEMENTS (KOHA) | |
| Source of classification or shelving scheme | Dewey Decimal Classification |
| Koha item type | Books |
| Lost status | Source of classification or shelving scheme | Damaged status | Not for loan | Permanent Location | Current Location | Shelving location | Date acquired | Source of acquisition | Cost, normal purchase price | Total Checkouts | Full call number | Date last seen | Copy number | Koha item type |
|---|---|---|---|---|---|---|---|---|---|---|---|---|---|---|
| Dewey Decimal Classification | Added to bundle | Central Library, University of Rajshahi | Central Library, University of Rajshahi | Reading Room | 06/03/2014 | Bangladesh Commercial Inco. | 19.25 | 831.6 HOL 1967 | 06/03/2014 | C-1 | Books |